| 000 | 00991cam a2200289 i 4500 | ||
|---|---|---|---|
| 001 | 17876525 | ||
| 003 | CEME | ||
| 005 | 20210628201608.0 | ||
| 008 | 130905s2014 enka b 001 0 eng | ||
| 010 | _a 2013035198 | ||
| 020 | _a9781409440499 (hardback : alk. paper) | ||
| 020 | _z9781409440505 (ebook) | ||
| 020 | _z9781472401632 (epub) | ||
| 040 |
_aDLC _beng _cDLC _erda _dDLC |
||
| 042 | _apcc | ||
| 050 | 0 | 0 |
_aHD58.8 _b.F5187 2014 |
| 082 | 0 | 0 |
_a658.3 _223 |
| 100 |
_aGriffin, Ed, Alsop, Mike, Saville, Martin, Smith, Grahame _955976 |
||
| 245 | 0 | 2 |
_aA field guide for organisation development , taking theory into practice _btaking theory into practice / |
| 300 |
_axxii, 297 pages : _billustrations ; _c25 cm |
||
| 504 | _aIncludes bibliographical references and index. | ||
| 650 | 0 |
_aOrganizational change. _94326 |
|
| 650 | 0 |
_aOrganizational behavior. _91796 |
|
| 650 | 0 |
_aOrganizational effectiveness. _94213 |
|
| 700 | 1 |
_aGriffin, Ed, _d1965- _955977 |
|
| 942 |
_2ddc _cBK |
||
| 999 |
_c566553 _d566553 |
||